Statistics for Anne of Green Gables (TV) trivia

Click here to take the quiz!

General Stats

  • This quiz has been taken 133 times
  • The average score is 10 of 16

Answer Stats

HintAnswer% Correct
Anne broke a slate on Gil's head because he called her _______.carrots
90%
Anne wishes her name was ________.Cordelia
89%
Dares Anne to climb on Moody's roof: _____ PyeJosie
89%
Who lost the brooch?Marilla
89%
Jumped on by Diana and Anne: ____ Josephine.Aunt
88%
Anne renames the Barry's pond "The Lake of _______ Waters."Shining
78%
Anne doesn't want Miss Stacy to eat the plum pudding because a _____ died in the sauce.mouse
73%
Mr. Phillips' favorite student: ______ AndrewsPrissy
73%
Before buying the dress with puffed sleeves, Matthew stalls and buys 20 pounds of ____ _____.brown sugar
64%
Rachel's silent husband: ______ LyndeThomas
59%
Marilla wouldn't even give Mrs. Blewett a ___ she liked.dog
55%
Anne is afraid her lot in life is taking care of _____.twins
53%
"My life is a perfect graveyard of ______ _____."buried hopes
42%
Anne's window friend: _____ MorrisKatie
33%
Anne gets Diana drunk on _______ ____.currant wine
30%
"Wilt thou give me a lock of thy jet-black _______?"tresses
27%

Score Distribution

Percentile by Number Answered

Percent of People with Each Score

Your Score History

You have not taken this quiz